| 000 | 00829cam a2200277 a 4500 | ||
|---|---|---|---|
| 008 | |||
| 020 | _a9781416002369 (pbk.) | ||
| 049 | _aMAIN | ||
| 090 |
_aRD723 _bPAR |
||
| 100 | 1 | _aParvizi, Javad. | |
| 245 | 1 | 0 |
_aHigh yield orthopaedics / _cJavad Parvizi and Gregory K. Kim, associate editor. |
| 260 |
_aPhiladelphia : _bSaunders/Elsevier, _c2010. |
||
| 300 |
_axvii, 510 p. ; _c23 cm. |
||
| 500 | _aIncludes index. | ||
| 504 | _aIncludes bibliographical references. | ||
| 650 | 0 |
_aOrthopedics _vEncyclopedias |
|
| 650 | 1 | 2 | _aMusculoskeletal Diseases |
| 650 | 2 | 2 | _aMusculoskeletal System |
| 650 | 2 | 2 | _aOrthopedics |
| 650 | _aHandbooks. | ||
| 907 |
_a.b10384224 _b02-03-18 _c26-09-17 |
||
| 003 | |||
| 005 | 20230120204224.0 | ||
| 040 | _cNUST | ||
| 942 |
_cBOOKS _kRD723 _mPAR |
||
| 999 |
_c119322 _d119322 |
||